| 000 | 00652nam a2200193Ia 4500 | ||
|---|---|---|---|
| 003 | SISC | ||
| 005 | 20170117091150.0 | ||
| 008 | 140609s9999 xx 000 0 und d | ||
| 020 | _a9781118496374 | ||
| 050 |
_aHD 2741 _b.V34 2013 |
||
| 100 | _aVakkur, Nicholas V. | ||
| 245 |
_aCorporate governance regulation : _bhow poor management is destroying the global economy / _cNicholas V. Vakkur, Zulma J. Herrera |
||
| 260 |
_aHoboken, N.J. : _bJohn Wiley & Sons, _c2013. |
||
| 300 |
_a269 pages. ; _c24 cm. |
||
| 440 | _a(Wiley finance series). | ||
| 500 | _aIncludes bibliographical references and index. | ||
| 942 |
_kFOR _cBK _2lcc |
||
| 999 |
_c117924 _d117924 |
||